[Event "North American Blitz op 30th"]
[Site "ICC INT"]
[Date "2020.12.31"]
[Round "10"]
[White "Justice, Drew"]
[Black "Igwubor, Kikosem"]
[Result "0-1"]
[WhiteElo "1769"]
[BlackElo "2101"]
[PlyCount "50"]
[EventDate "2020.12.31"]
[EventType "swiss (blitz)"]
[EventRounds "11"]
[EventCountry "USA"]
[SourceTitle "CBM 200 Extra"]
[Source "ChessBase"]
[SourceDate "2021.03.31"]
[SourceVersion "1"]
[SourceVersionDate "2021.03.31"]
[SourceQuality "1"]

1. d4 Nf6 2. c4 e6 3. Nf3 b6 4. g3 Ba6 5. Nbd2 Bb7 6. Bg2 Be7 7. b3 0-0 8. 0-0 d5 9. Bb2 Nbd7 10. Re1 a5 11. Qc2 c5 12. e3 Qb8 13. Ne5 Rc8 14. Nxd7 Nxd7 15. e4 dxc4 16. Qxc4 Ba6 17. Qc3 cxd4 18. Qxd4 Nf6 19. e5 Bc5 20. Qh4 Nd5 21. Ne4 Be7 22. Nf6+ gxf6 23. exf6 Bf8 24. Be5 Qa7 25. Be4 h6 0-1

[Event "North American Blitz op 30th"]
[Site "ICC INT"]
[Date "2020.12.31"]
[Round "6"]
[White "Li, Eric"]
[Black "Igwubor, Kikosem"]
[Result "1-0"]
[WhiteElo "2306"]
[BlackElo "2101"]
[PlyCount "137"]
[EventDate "2020.12.31"]
[EventType "swiss (blitz)"]
[EventRounds "11"]
[EventCountry "USA"]
[SourceTitle "CBM 200 Extra"]
[Source "ChessBase"]
[SourceDate "2021.03.31"]
[SourceVersion "1"]
[SourceVersionDate "2021.03.31"]
[SourceQuality "1"]

1. d4 Nf6 2. c4 c6 3. Nc3 d5 4. Nf3 a6 5. c5 b6 6. cxb6 Qxb6 7. Na4 Qa5+ 8. Bd2 Qd8 9. g3 Ne4 10. Bg2 Nxd2 11. Qxd2 g6 12. 0-0 Bg7 13. Rac1 0-0 14. Ne5 Qd6 15. Qc3 Bf5 16. e3 Nd7 17. Nxc6 Rfc8 18. Bxd5 e5 19. Qb3 exd4 20. Nxd4 Bh3 21. Bxa8 Rxa8 22. Qb7 Rb8 23. Rc8+ Rxc8 24. Qxc8+ Bf8 25. Qc6 Qb4 26. a3 Qd2 27. Qc3 Qxc3 28. Nxc3 Bxf1 29. Kxf1 Nb6 30. Ke2 Nc4 31. Nd1 f5 32. a4 Kf7 33. b3 Ne5 34. f4 Ng4 35. Nf2 Nxh2 36. Nf3 Nxf3 37. Kxf3 Ke6 38. e4 Bc5 39. Nd3 Bd4 40. b4 Bc3 41. b5 axb5 42. axb5 Bd4 43. Nb4 fxe4+ 44. Kxe4 Bf2 45. g4 h5 46. f5+ gxf5+ 47. gxf5+ Kf7 48. Nd5 h4 49. Kf3 Bc5 50. Kg4 Bf2 51. b6 Bxb6 52. Nxb6 h3 53. Kxh3 Kf6 54. Kg4 Kg7 55. Nd5 Kf7 56. Kg5 Kg7 57. f6+ Kf8 58. Kg6 Kg8 59. f7+ Kf8 60. Ne3 Ke7 61. Kg7 Ke6 62. Nf1 Ke7 63. f8Q+ Ke6 64. Qc5 Kd7 65. Kf6 Ke8 66. Qa7 Kd8 67. Ke6 Kc8 68. Kd6 Kd8 69. Qa8# 1-0

[Event "North American Blitz op 30th"]
[Site "ICC INT"]
[Date "2020.12.31"]
[Round "11"]
[White "Vidyarthi, Vyom"]
[Black "Igwubor, Kikosem"]
[Result "1-0"]
[WhiteElo "2090"]
[BlackElo "2101"]
[PlyCount "59"]
[EventDate "2020.12.31"]
[EventType "swiss (blitz)"]
[EventRounds "11"]
[EventCountry "USA"]
[SourceTitle "CBM 200 Extra"]
[Source "ChessBase"]
[SourceDate "2021.03.31"]
[SourceVersion "1"]
[SourceVersionDate "2021.03.31"]
[SourceQuality "1"]

1. Nc3 c5 2. Nf3 Nc6 3. d4 cxd4 4. Nxd4 Nf6 5. g3 g6 6. Bg2 Bg7 7. Nxc6 bxc6 8. 0-0 0-0 9. b3 Nd5 10. Nxd5 Bxa1 11. Ba3 cxd5 12. Bxd5 Bf6 13. Bxa8 Qa5 14. Qc1 Ba6 15. Bf3 d5 16. Bb2 Bc3 17. Bxc3 Qxc3 18. Qa3 Bb7 19. Qxa7 Ba8 20. Qxe7 Qxc2 21. Qa3 Qd2 22. b4 Bc6 23. Qb3 Rb8 24. a3 Qg5 25. Rd1 Rd8 26. b5 Ba8 27. a4 h5 28. h4 Qe5 29. b6 d4 30. b7 1-0

[Event "Africa-ch U20"]
[Site "Entebbe"]
[Date "2019.01.05"]
[Round "9"]
[White "Masiya, Mfundo"]
[Black "Igwubor, Kikosem"]
[Result "0-1"]
[WhiteElo "1952"]
[BlackElo "2108"]
[PlyCount "60"]
[EventDate "2018.12.29"]
[EventType "swiss"]
[EventRounds "9"]
[EventCountry "UGA"]
[SourceTitle "CBM 188 Extra"]
[Source "ChessBase"]
[SourceDate "2019.02.28"]
[SourceVersion "1"]
[SourceVersionDate "2019.02.28"]
[SourceQuality "1"]

1. e4 c5 2. c3 d5 3. exd5 Qxd5 4. d4 g6 5. Nf3 Bg7 6. Be3 cxd4 7. cxd4 Nf6 8. Nc3 Qa5 9. Bc4 0-0 10. 0-0 a6 11. Re1 b5 12. Bb3 Bb7 13. Bg5 e6 14. Ne5 Nbd7 15. h4 Rfe8 16. Re3 Rad8 17. Qe2 Qb6 18. Re1 Nf8 19. d5 exd5 20. h5 Ne6 21. hxg6 hxg6 22. Bxf6 Bxf6 23. Nxg6 d4 24. Rxe6 Rxe6 25. Bxe6 Qxe6 26. Qxe6 fxe6 27. Rxe6 dxc3 28. bxc3 Bxc3 29. Rb6 Rd7 30. f4 Bd4+ 0-1

[Event "Africa-ch U20"]
[Site "Entebbe"]
[Date "2018.12.30"]
[Round "2"]
[White "Igwubor, Kikosem"]
[Black "Musasizi, Emmanuel"]
[Result "1/2-1/2"]
[WhiteElo "2108"]
[BlackElo "1918"]
[PlyCount "27"]
[EventDate "2018.12.29"]
[EventType "swiss"]
[EventRounds "9"]
[EventCountry "UGA"]
[SourceTitle "CBM 188 Extra"]
[Source "ChessBase"]
[SourceDate "2019.02.28"]
[SourceVersion "1"]
[SourceVersionDate "2019.02.28"]
[SourceQuality "1"]

1. Nf3 Nf6 2. g3 g6 3. Bg2 Bg7 4. d3 c5 5. e4 Nc6 6. e5 Nd5 7. 0-0 0-0 8. c3 d6 9. Re1 Bg4 10. h3 Bxf3 11. Qxf3 Nc7 12. Nd2 Rb8 13. a4 a6 14. Qe2 1/2-1/2